Slovensko-francúzsky a francúzsko-slovenský turistický slovník /

Gespeichert in:
Bibliographische Detailangaben
Hauptverfasser: Gründlerová, Viera (Verfasst von), Liščáková, Irena (Verfasst von)
Format: Buch
Sprache:Mehrsprachig
Veröffentlicht: Bratislava : Slovenské pedagogické nakladateľstvo, 1985
Ausgabe:1.vyd.
Tags: Tag hinzufügen
Keine Tags, Fügen Sie das erste Tag hinzu!

MARC

LEADER 00000nam a22000003a 4500
001 stu788
005 20200820140008.3
008 911118s1985----cs------------------mul-d
040 |a STU  |b slo 
041 0 |a mul 
044 |a cs 
080 |a 801.323.2=854=40 
100 1 |a Gründlerová, Viera  |4 aut 
245 1 |a Slovensko-francúzsky a francúzsko-slovenský turistický slovník /  |c [aut.] Gründlerová,Viera; Liščáková,Irena 
250 |a 1.vyd. 
260 |a Bratislava :  |b Slovenské pedagogické nakladateľstvo,  |c 1985 
300 |a 106 s 
700 1 |a Liščáková, Irena  |4 aut 
996 |b 284EK07023  |c E*60046  |l EE01  |s A  |a 24  |w stu788_0001